000 01080nam a2200277 a 4500
001 000014405
003 DO-SdBNP
005 20250113131851.0
008 091211s1975 dr 001 0 spa d
040 _aDO-SdBNP
_bspa
_cBNPHU
049 _aBNPD
082 _a343.04
_bR426L, 1975
110 1 _aRepública Dominicana.
_bSecretaría de Estado de Finanzas
_932264
245 1 0 _aLegislación económico tributaria :
_baño 1974.
260 _aSanto Domingo :
_bSecretariado Técnico de la Presidencia,
_c1975.
300 _a192 p. ;
_c28 cm.
590 _aInventariado,2018/VM
650 4 _aDerecho fiscal
_zRepública Dominicana
_98288
650 0 _aProcedimiento tributario
_98289
650 4 _aImpuestos
_xAdministración
_zRepública Dominicana
_98290
650 4 _aDerecho administrativo
_zRepública Dominicana
_91203
710 2 _aOrganización de los Estados Americanos
_917918
710 1 _aRepública Dominicana.
_bSecretariado Técnico de la Presidencia.
_bOficina Nacional de Presupuesto.
_932266
910 _aValidado. Control de calidad EMS
942 _2ddc
_cLBS1
999 _c13996
_d13996